Szybkie pisanie liter od A do Z - Statystyki

Ogólne statystyki
  • Ten quiz został rozwiązany 56 razy
  • Średni wynik to 28 z 31
Statystyki odpowiedzi
Odpowiedź % Poprawnych
D
100%
E
100%
Ę
100%
A
97%
B
97%
C
97%
Ć
97%
F
97%
I
97%
K
97%
P
97%
G
94%
H
94%
O
94%
Ó
94%
R
94%
L
91%
Ł
91%
M
91%
N
91%
Ń
91%
J
88%
T
88%
S
85%
Ś
85%
U
82%
W
82%
Y
73%
Z
73%
Ż
73%
Ź
73%
Nie znaleziono quizów pasujących do podanych kryteriów
Rozkład punktacji
Procent ludzi z każdym wynikiem
Percentyl według liczby udzielonych odpowiedzi
Twoja historia wyników
Nie rozwiązałeś tego quizu